| 000 | 00495nam a2200181Ia 4500 | ||
|---|---|---|---|
| 005 | 20250508152342.0 | ||
| 008 | 008 250505s9999 xx 000 0 eng d | ||
| 037 | _aTextual | ||
| 040 |
_aFEDL _beng _cFEDL |
||
| 041 |
_aeng _2eng |
||
| 084 |
_a709.52, SWA _qFEDL |
||
| 100 |
_aSwann Peter C _95947 |
||
| 245 | 0 | _aIntroduction to the arts of Japan | |
| 260 |
_aOxford, UK _bBruno Cassirer _c1958 |
||
| 300 | _a220p. | ||
| 942 |
_cTEXL _h709.52, SWA |
||
| 999 |
_c1335858 _d1335858 |
||